Tabellenendstand der Bundesligasaison 2025/2026 - Statistiken

Allgemein
  • Dieses Quiz wurde 56 mal gespielt
  • Das Durchschnittsergebnis liegt bei 17 aus 18
Antwortstatistiken
Punkte Verein % Korrekt
2 73 Borussia Dortmund
100%
1 89 FC Bayern München
100%
3 65 RB Leipzig
100%
17 26 1. FC Heidenheim
98%
14 32 1. FC Köln
98%
8 44 Eintracht Frankfurt
98%
4 62 VfB Stuttgart
98%
18 26 FC St. Pauli
96%
16 29 VfL Wolfsburg
96%
11 39 1. FC Union Berlin
95%
7 47 SC Freiburg
95%
15 32 Werder Bremen
95%
10 40 1. FSV Mainz 05
93%
6 59 Bayer 04 Leverkusen
93%
9 43 FC Augsburg
93%
13 38 Hamburger SV
93%
5 61 TSG Hoffenheim
93%
12 38 Borussia Mönchengladbach
89%
Keine übereinstimmenden Quizze gefunden
Verteilung der Resultate
Anzahl Personen mit jedem Resultat
Perzentil nach korrekt beantworteten Fragen
Ihre Resultats-Entwicklung
Sie haben dieses Quiz noch nicht gespielt